[Event "ICS rated blitz match"]
[Site "204.178.125.65"]
[Date "1999.09.12"]
[Round "?"]
[White "jason-1"]
[Black "Hossa"]
[Result "1-0"]
[WhiteElo "2505"]
[BlackElo "2533"]
[PlyCount "113"]
[EventDate "1999.??.??"]

1. c4 Nf6 2. g3 e6 3. Bg2 c5 4. d3 Nc6 5. Nc3 d5 6. Bg5 Be7 7. Nf3 d4 8. Bxf6
Bxf6 9. Ne4 Be7 10. O-O e5 11. Qb3 O-O 12. e3 f5 13. Ned2 Na5 14. Qc2 Bf6 15.
exd4 cxd4 16. Rfe1 Nc6 17. c5 g6 18. Qb3+ Rf7 19. Qa3 Re7 20. b4 Bd7 21. b5 Na5
22. Rab1 Re8 23. h4 a6 24. c6 bxc6 25. b6 Nb7 26. Qc1 Nd6 27. Nc4 Nf7 28. b7
Rb8 29. Qa3 e4 30. dxe4 Rxe4 31. Rxe4 fxe4 32. Nfd2 e3 33. Ne4 exf2+ 34. Kxf2
g5 35. hxg5 Be7 36. Qxa6 Nxg5 37. Ne5 Qe8 38. Qc4+ Be6 39. Qxc6 Qf8+ 40. Kg1
Bxa2 41. Rb2 Nxe4 42. Bxe4 Bg5 43. Bxh7+ Kg7 44. Qg6+ Kh8 45. Qxg5 Qg7 46. Ng6+
Kxh7 47. Rh2+ Kg8 48. Rxa2 Qxb7 49. Rf2 Qb1+ 50. Kh2 Qc2 51. Nf8+ Kh8 52. Qh5+
Kg8 53. Qf7+ Kh8 54. Rxc2 Rxf8 55. Qxf8+ Kh7 56. Rc6 d3 57. Rh6# {
Hossa checkmated} 1-0

[Event "ICS rated blitz match"]
[Site "204.178.125.65"]
[Date "1999.09.09"]
[Round "?"]
[White "jason-1"]
[Black "Hossa"]
[Result "1-0"]
[WhiteElo "2270"]
[BlackElo "2475"]
[PlyCount "87"]
[EventDate "1999.??.??"]

1. c4 e6 2. d4 Nf6 3. Nc3 d5 4. Nf3 Bb4 5. cxd5 exd5 6. Bg5 O-O 7. e3 Bg4 8.
Qb3 Bxc3+ 9. bxc3 Bxf3 10. Qxb7 Nbd7 11. gxf3 a5 12. Bf4 c5 13. Bh3 cxd4 14.
cxd4 Qc8 15. Qxc8 Rfxc8 16. Kd2 Rc6 17. Rhc1 Rac8 18. e4 dxe4 19. Bxd7 Rxc1 20.
Rxc1 Rxc1 21. Kxc1 Nxd7 22. fxe4 Kf8 23. a4 Nb6 24. Bc7 Nc4 25. Kc2 Ke7 26. Kc3
Nd6 27. Bxd6+ Kxd6 28. Kc4 Kc6 29. d5+ Kd6 30. e5+ Kd7 31. Kb5 Kc7 32. Kxa5 g5
33. Kb5 g4 34. a5 h5 35. a6 g3 36. hxg3 f6 37. exf6 Kd7 38. a7 Ke8 39. a8=Q+
Kf7 40. Qh8 Kg6 41. f3 Kf5 42. f7 Kg5 43. Qg7+ Kf5 44. f8=Q# {Hossa checkmated}
1-0

[Event "ICS rated blitz match"]
[Site "204.178.125.65"]
[Date "1999.09.11"]
[Round "?"]
[White "jason-1"]
[Black "Hossa"]
[Result "1-0"]
[WhiteElo "2374"]
[BlackElo "2488"]
[PlyCount "92"]
[EventDate "1999.??.??"]

1. e4 e5 2. Nf3 Nc6 3. Bb5 a6 4. Ba4 Nf6 5. O-O Nxe4 6. d4 exd4 7. Re1 d5 8.
Nxd4 Bd7 9. Nxc6 Bxc6 10. Bxc6+ bxc6 11. f3 Bc5+ 12. Be3 Bxe3+ 13. Rxe3 f5 14.
fxe4 fxe4 15. Qh5+ g6 16. Qe5+ Kf7 17. Rc3 Qd7 18. Nd2 Rhe8 19. Rf1+ Kg8 20.
Qd4 Qd6 21. Rf6 Re6 22. Rxe6 Qxe6 23. Qa4 e3 24. Nf3 e2 25. Kf2 Re8 26. Ke1 c5
27. Qa5 c4 28. Qxc7 Qe4 29. Ng5 Qh4+ 30. Rg3 Rf8 31. Qd6 Qf4 32. Qxf4 Rxf4 33.
Kxe2 Rh4 34. h3 h6 35. Ne6 a5 36. Nc7 Kf7 37. Nxd5 Rh5 38. Nb6 Rc5 39. Rc3 Rg5
40. g3 Kg7 41. Nxc4 Rc5 42. Kd3 Rd5+ 43. Ke4 Rc5 44. Kd4 Rh5 45. g4 Rh4 46.
Nxa5 46... h5 {Hossa resigns} 1-0

[Event "ICS rated blitz match"]
[Site "204.178.125.65"]
[Date "1999.09.22"]
[Round "?"]
[White "jimfish"]
[Black "Hossa"]
[Result "1/2-1/2"]
[WhiteElo "1641"]
[BlackElo "1881"]
[PlyCount "162"]
[EventDate "1999.??.??"]

1. c4 e5 2. Nc3 Nf6 3. Nf3 Nc6 4. g3 Bb4 5. Bg2 Ng4 6. O-O O-O 7. Nd5 Bc5 8. a3
Rb8 9. e3 e4 10. Ne1 Nge5 11. d4 exd3 12. Nxd3 Nxd3 13. Qxd3 Ne5 14. Qc3 d6 15.
b4 Bb6 16. Bb2 Be6 17. f4 Bxd5 18. cxd5 f6 19. fxe5 fxe5 20. Rxf8+ Qxf8 21. Rf1
Qe7 22. Kh1 Rf8 23. e4 Rxf1+ 24. Bxf1 Bd4 25. Qc2 Bxb2 26. Qxb2 Qf7 27. Qg2 g5
28. Be2 Kg7 29. Qf3 Qe7 30. Qf5 Qd8 31. Bg4 Qe7 32. Qd7 Qxd7 33. Bxd7 Kf6 34.
Bc8 b6 35. Bf5 h5 36. Kg2 h4 37. gxh4 gxh4 38. Kh3 Kg5 39. b5 Kh5 40. a4 Kg5
41. Kg2 Kf4 42. Kf2 Kg5 43. Kf3 Kh5 44. h3 Kg5 45. Bg4 Kh6 46. Bc8 Kh5 47. Be6
Kg5 48. Bg4 Kh6 49. Bf5 Kg5 50. Bh7 Kh6 51. Kg4 Kxh7 52. Kxh4 Kg6 53. Kg4 Kf6
54. h4 Kg6 55. h5+ Kh6 56. Kf5 Kxh5 57. Ke6 Kg5 58. Kd7 Kf4 59. Kxc7 Kxe4 60.
Kxd6 Kf5 61. Kc6 Kg6 62. d6 Kf7 63. Kc7 Ke6 64. d7 Kf5 65. d8=Q Ke4 66. Qd1 Kf4
67. Kb7 a5 68. Kxb6 e4 69. Kxa5 e3 70. Qe2 Ke5 71. Kb4 Ke6 72. Qxe3+ Kf6 73.
Qc5 Ke6 74. Kc4 Kf6 75. Kd4 Kf7 76. Qc6 Ke7 77. Kd5 Kf7 78. Qe6+ Kf8 79. Qd7
Kg8 80. Ke6 Kh8 81. Kf6 81... Kg8 {
jimfish ran out of time and Hossa has no material to mate} 1/2-1/2

[Event "ICS rated blitz match"]
[Site "204.178.125.65"]
[Date "1999.09.25"]
[Round "?"]
[White "joejan"]
[Black "Hossa"]
[Result "0-1"]
[WhiteElo "2181"]
[BlackElo "2485"]
[PlyCount "48"]
[EventDate "1999.??.??"]

1. e4 Nf6 2. Nc3 e5 3. d4 exd4 4. Qxd4 Nc6 5. Qe3 Bb4 6. Bd2 O-O 7. O-O-O Re8
8. f3 d5 9. Qf2 dxe4 10. Bg5 e3 11. Qh4 Bd7 12. Ne4 Be7 13. Nxf6+ Bxf6 14. Bxf6
gxf6 15. Bc4 Ne5 16. Be2 Qe7 17. Nh3 Ng6 18. Qh6 Qf8 19. Qh5 Re5 20. Qxg6+ hxg6
21. Rxd7 Rd8 22. Rhd1 Rxd7 23. Rxd7 Qe8 24. Rxc7 24... Qd8 {joejan resigns} 0-1

[Event "ICS rated blitz match"]
[Site "204.178.125.65"]
[Date "1999.09.27"]
[Round "?"]
[White "joejan"]
[Black "Hossa"]
[Result "0-1"]
[WhiteElo "2176"]
[BlackElo "2437"]
[PlyCount "52"]
[EventDate "1999.??.??"]

1. e4 d5 2. e5 c5 3. c3 Nc6 4. d4 Bf5 5. Bd3 Bxd3 6. Qxd3 e6 7. Ne2 cxd4 8.
cxd4 Bb4+ 9. Bd2 Bxd2+ 10. Nxd2 Nge7 11. O-O O-O 12. a3 f6 13. f4 Qb6 14. Kh1
Rf7 15. b4 fxe5 16. fxe5 Nf5 17. Nb3 Raf8 18. Rfc1 Nh6 19. Nc5 Ng4 20. Qg3 Nf2+
21. Kg1 Nd8 22. Rf1 Qb5 23. Ra2 Nh3+ 24. gxh3 Rxf1+ 25. Kg2 b6 26. Nd3 26...
R1f3 {joejan resigns} 0-1

[Event "ICS rated blitz match"]
[Site "204.178.125.65"]
[Date "1999.09.08"]
[Round "?"]
[White "joejan"]
[Black "Hossa"]
[Result "0-1"]
[WhiteElo "2364"]
[BlackElo "2518"]
[PlyCount "104"]
[EventDate "1999.??.??"]

1. e4 c6 2. d4 d5 3. exd5 cxd5 4. Bd3 Nc6 5. c3 Nf6 6. Bf4 Bg4 7. Nf3 e6 8.
Nbd2 Be7 9. O-O O-O 10. h3 Bh5 11. Re1 Rc8 12. Qb3 b6 13. Qa4 Qd7 14. Bb5 Bd6
15. Ne5 Bxe5 16. Bxe5 Ne8 17. g4 Bg6 18. Nf3 f6 19. Bg3 a5 20. Re2 Bf7 21. Rae1
Nd6 22. g5 Nxb5 23. Qxb5 Bh5 24. Re3 e5 25. dxe5 fxe5 26. Nh2 d4 27. cxd4 exd4
28. Re6 d3 29. Rd6 d2 30. Qd5+ Rf7 31. Qxd2 Qf5 32. Qd5 Qxd5 33. Rxd5 Nb4 34.
Rb5 Nd3 35. Rf1 Be2 36. Rb1 Nxf2 37. Rxb6 Nxh3+ 38. Kg2 Nxg5 39. Re1 Bd3 40.
Re3 Be4+ 41. Rxe4 Rc2+ 42. Kg1 Nxe4 43. Rb8+ Rf8 44. Rxf8+ Kxf8 45. Be5 Kf7 46.
Nf3 Re2 47. Bd4 g5 48. Kf1 Rc2 49. Ne1 Ng3+ 50. Kg1 Ne2+ 51. Kf2 Nxd4+ 52. Nxc2
52... Nxc2 {joejan resigns} 0-1

[Event "ICS rated blitz match"]
[Site "204.178.125.65"]
[Date "1999.09.11"]
[Round "?"]
[White "joejan"]
[Black "Hossa"]
[Result "0-1"]
[WhiteElo "2339"]
[BlackElo "2469"]
[PlyCount "40"]
[EventDate "1999.??.??"]

1. e4 e5 2. d4 exd4 3. Qxd4 Nc6 4. Qe3 Bb4+ 5. Nc3 Nf6 6. Bd2 O-O 7. O-O-O Re8
8. f3 d5 9. Qf2 dxe4 10. Bg5 e3 11. Qh4 Bd7 12. Bxf6 gxf6 13. Bd3 f5 14. Qg3+
Kh8 15. Bxf5 Bxc3 16. bxc3 Bxf5 17. Rxd8 Raxd8 18. Ne2 Rd2 19. Nd4 Nxd4 20.
cxd4 20... Rxc2+ {joejan resigns} 0-1

[Event "ICS rated blitz match"]
[Site "204.178.125.65"]
[Date "1999.09.03"]
[Round "?"]
[White "joejan"]
[Black "Hossa"]
[Result "0-1"]
[WhiteElo "2395"]
[BlackElo "2580"]
[PlyCount "65"]
[EventDate "1999.??.??"]

1. e4 c6 2. d4 d5 3. exd5 cxd5 4. Bd3 Nc6 5. c3 e5 6. dxe5 Nxe5 7. Bc2 Ne7 8.
Nf3 Bg4 9. Nbd2 N7c6 10. O-O Bc5 11. h3 Bh5 12. g4 Bg6 13. Nxe5 Nxe5 14. Re1 f6
15. Nf3 Bxc2 16. Qxc2 O-O 17. Qd1 Qd7 18. Kg2 Rae8 19. Bf4 Ng6 20. Bg3 f5 21.
Ne5 Nxe5 22. Rxe5 Rxe5 23. Bxe5 fxg4 24. Qxg4 Qxg4+ 25. hxg4 Rxf2+ 26. Kg3 Rxb2
27. Rd1 Rxa2 28. Rxd5 Bf8 29. c4 Kf7 30. Rd7+ Ke6 31. Rd5 Rc2 32. Bb8 Rc3+ 33.
Kf4 {joejan resigns} 0-1

[Event "ICS rated blitz match"]
[Site "204.178.125.65"]
[Date "1999.09.12"]
[Round "?"]
[White "joejan"]
[Black "Hossa"]
[Result "1-0"]
[WhiteElo "2320"]
[BlackElo "2450"]
[PlyCount "62"]
[EventDate "1999.??.??"]

1. e4 d5 2. d4 dxe4 3. Nc3 Nf6 4. f3 exf3 5. Nxf3 Bg4 6. Be3 Bxf3 7. Qxf3 c6 8.
O-O-O e6 9. g4 Bb4 10. g5 Nd5 11. Ne4 Nxe3 12. Qxe3 O-O 13. Bd3 Nd7 14. h4 Qa5
15. Kb1 Qb6 16. Rhg1 c5 17. Nf6+ Kh8 18. Nxd7 Qc6 19. Nxf8 cxd4 20. Qxd4 Bc5
21. Qe4 Qxe4 22. Bxe4 Rxf8 23. Rg2 b5 24. h5 f5 25. gxf6 gxf6 26. Rd7 f5 27.
Rgg7 Bd4 28. Rxh7+ Kg8 29. Bd3 Bf6 30. Bxb5 Rb8 31. Rb7 31... Bd4 {
Hossa resigns} 1-0

[Event "ICS rated blitz match"]
[Site "204.178.125.65"]
[Date "1999.09.12"]
[Round "?"]
[White "joejan"]
[Black "Hossa"]
[Result "0-1"]
[WhiteElo "2336"]
[BlackElo "2470"]
[PlyCount "46"]
[EventDate "1999.??.??"]

1. e4 e5 2. d4 exd4 3. Qxd4 Nc6 4. Qe3 Bb4+ 5. Nc3 Nf6 6. Bd2 O-O 7. O-O-O Re8
8. f3 d5 9. Qf2 dxe4 10. Bg5 e3 11. Qh4 Bd7 12. Ne4 Be7 13. Nxf6+ Bxf6 14. Bxf6
gxf6 15. Bd3 f5 16. Qg3+ Kh8 17. Bxf5 Bxf5 18. Rxd8 Raxd8 19. Qg5 Nd4 20. c3 e2
21. Nh3 e1=R+ 22. Rxe1 Rxe1+ 23. Kd2 23... Nxf3# {joejan checkmated} 0-1

[Event "ICS rated blitz match"]
[Site "204.178.125.65"]
[Date "1999.10.14"]
[Round "?"]
[White "josean"]
[Black "Hossa"]
[Result "0-1"]
[WhiteElo "2089"]
[BlackElo "2369"]
[PlyCount "76"]
[EventDate "1999.??.??"]

1. e4 c5 2. d3 e6 3. g3 d5 4. Nd2 Nc6 5. Bg2 Nf6 6. Ne2 Be7 7. O-O O-O 8. c3 b6
9. f4 Ba6 10. Nf3 dxe4 11. Qa4 Na5 12. Ne5 exd3 13. Bxa8 dxe2 14. Re1 Qxa8 15.
Be3 Qe4 16. Qxe4 Nxe4 17. Rac1 Bd6 18. Nf3 Bd3 19. Nd2 Nxd2 20. Bxd2 Nc4 21.
Kf2 Rd8 22. Be3 Nxb2 23. a3 c4 24. Ra1 Nd1+ 25. Kf3 Nxc3 26. Bd2 Nb5 27. Bb4
Nd4+ 28. Kf2 Nc2 29. Bxd6 Rxd6 30. Rac1 Nxe1 31. Kxe1 b5 32. Rc3 a5 33. Rc1 b4
34. axb4 axb4 35. Ra1 Rd8 36. Ra4 Rb8 37. Ra2 b3 38. Rb2 38... c3 {
josean resigns} 0-1

[Event "ICS rated blitz match"]
[Site "204.178.125.65"]
[Date "1999.10.12"]
[Round "?"]
[White "k64"]
[Black "Hossa"]
[Result "1/2-1/2"]
[WhiteElo "2284"]
[BlackElo "2360"]
[PlyCount "50"]
[EventDate "1999.??.??"]

1. d4 Nf6 2. c4 g6 3. Nc3 Bg7 4. Nf3 c5 5. d5 O-O 6. e4 d6 7. Be2 e5 8. Bg5 Bg4
9. Qd2 Nbd7 10. h3 Bxf3 11. Bxf3 Qb6 12. O-O Rfe8 13. b3 Kh8 14. Rab1 Ng8 15.
a3 f6 16. Be3 Qa5 17. Qb2 Ne7 18. b4 Qc7 19. Nb5 Qb6 20. bxc5 Nxc5 21. Nc3 Qc7
22. Nb5 Qb6 23. Nc3 Qc7 24. Nb5 Qb6 25. Nc3 25... Qc7 {Game drawn by repetition
} 1/2-1/2

[Event "ICS rated blitz match"]
[Site "204.178.125.65"]
[Date "1999.10.03"]
[Round "?"]
[White "kasparov4"]
[Black "Hossa"]
[Result "0-1"]
[WhiteElo "2161"]
[BlackElo "2402"]
[PlyCount "80"]
[EventDate "1999.??.??"]

1. d4 d5 2. c4 e6 3. cxd5 exd5 4. Nc3 Bb4 5. Qa4+ Nc6 6. Bf4 Nf6 7. Rc1 O-O 8.
e3 Nh5 9. Bg3 Bd7 10. Qb5 Nxg3 11. hxg3 Bc8 12. Bd3 f5 13. Qa4 Be6 14. Bb5
Bxc3+ 15. Rxc3 Ne7 16. Nf3 c6 17. Bd3 Qd7 18. Bc2 Bf7 19. Qb4 Rfb8 20. Ne5 Qe6
21. g4 Be8 22. Rh2 a5 23. Qb6 Bg6 24. Nxg6 Qxg6 25. Qc7 Qg5 26. gxf5 h6 27. Qd7
Kh8 28. Rb3 b5 29. Qd6 Rf8 30. Rc3 Nxf5 31. Qxc6 b4 32. Rd3 Rac8 33. Qa4 Nh4
34. Ke2 Nxg2 35. Bd1 Qg4+ 36. Kf1 Rxf2+ 37. Kg1 Rf1+ 38. Kxf1 Rf8+ 39. Kg1
Nxe3+ 40. Bxg4 40... Rf1# {kasparov4 checkmated} 0-1

[Event "ICS rated blitz match"]
[Site "204.178.125.65"]
[Date "1999.10.04"]
[Round "?"]
[White "kasparov4"]
[Black "Hossa"]
[Result "1/2-1/2"]
[WhiteElo "2218"]
[BlackElo "2350"]
[PlyCount "104"]
[EventDate "1999.??.??"]

1. e4 c5 2. c3 Nf6 3. e5 Nd5 4. Nf3 d6 5. Bc4 Nb6 6. Bb3 c4 7. Bxc4 Nxc4 8.
Qa4+ Nc6 9. Qxc4 dxe5 10. O-O Be6 11. Qb5 a6 12. Qxb7 Bd5 13. c4 Bxf3 14. gxf3
Nd4 15. Kg2 e6 16. Nc3 Be7 17. b3 O-O 18. Qe4 Qa5 19. Bb2 f5 20. Qd3 Rad8 21.
Rfe1 Bb4 22. Nb1 Nc6 23. Qe3 Rxd2 24. Nxd2 Bxd2 25. b4 Bxb4 26. Red1 Rf7 27.
Rab1 Rb7 28. a3 Bc5 29. Qg5 Bf8 30. Rd3 Qc5 31. Rc3 Nd4 32. Qe3 Qd6 33. h3 f4
34. Qd3 Qb8 35. Qd2 Rb3 36. Rxb3 Qxb3 37. Qc3 Qb6 38. Re1 Nc6 39. Qd2 Qc5 40.
Qc2 Be7 41. Qe4 Bh4 42. Re2 Bf6 43. Rd2 g6 44. Rd7 Bh4 45. Qe2 Bf6 46. Rc7 Qb6
47. Rd7 Qc5 48. Rb7 Na5 49. Rb4 Nc6 50. Rb7 Na5 51. Rb4 Nc6 52. Rb7 52... Na5 {
Game drawn by repetition} 1/2-1/2

[Event "ICS rated blitz match"]
[Site "204.178.125.65"]
[Date "1999.10.03"]
[Round "?"]
[White "kasparov4"]
[Black "Hossa"]
[Result "0-1"]
[WhiteElo "2139"]
[BlackElo "2424"]
[PlyCount "188"]
[EventDate "1999.??.??"]

1. d4 d5 2. c4 e6 3. Nc3 c5 4. cxd5 exd5 5. e4 dxe4 6. d5 f5 7. Bf4 Nf6 8. Bb5+
Nbd7 9. Rc1 Kf7 10. d6 a6 11. Bxd7 Bxd7 12. Qb3+ Kg6 13. Qxb7 Rb8 14. Qxa6 Rxb2
15. Qa3 Rb4 16. Nh3 Be6 17. Nd1 Rb5 18. Qg3+ Ng4 19. f3 exf3 20. gxf3 h5 21.
Nc3 Rb2 22. fxg4 hxg4 23. Nf2 Bc4 24. Nfd1 Rb8 25. Rg1 Rb6 26. Ne3 Be6 27. h3
Bxd6 28. hxg4 fxg4 29. Ncd5 Ra6 30. Nxg4 Qh4 31. Ne5+ Kf5 32. Rf1 Qxg3+ 33.
Bxg3+ Kg5 34. Bf4+ Kf5 35. Nf7 Bxd5 36. Bxd6+ Ke6 37. Nxh8 Kxd6 38. Nf7+ Bxf7
39. Rxf7 Rxa2 40. Rxg7 Ra5 41. Rg5 Kc6 42. Rg6+ Kd5 43. Rg5+ Kc6 44. Ke2 Rb5
45. Rc4 Ra5 46. Kd3 Kb6 47. Kc3 Kc6 48. Kb3 Kb6 49. Rg6+ Kb5 50. Rh4 Ra1 51.
Rg5 Rb1+ 52. Kc2 Rf1 53. Rhh5 Rf2+ 54. Kd1 Rf1+ 55. Ke2 Rc1 56. Kd2 Rc4 57. Kd3
Rd4+ 58. Kc3 Rc4+ 59. Kb3 Rc1 60. Kb2 Rc4 61. Rf5 Kb6 62. Rh6+ Kb5 63. Rhh5 Kb6
64. Kb3 Kb5 65. Rh6 Rb4+ 66. Kc3 Rc4+ 67. Kd2 Rd4+ 68. Kc2 Ra4 69. Rh8 Rc4+ 70.
Kd3 Rd4+ 71. Kc2 Rc4+ 72. Kb1 Rb4+ 73. Ka2 Re4 74. Rb8+ Kc4 75. Rc8 Re2+ 76.
Kb1 Re1+ 77. Kc2 Re2+ 78. Kd1 Rb2 79. Rcxc5+ Kd3 80. Rcd5+ Ke4 81. Rde5+ Kd3
82. Rd5+ Ke4 83. Rde5+ Kd3 84. Rd5+ Ke4 85. Rde5+ Kd3 86. Rd5+ Ke4 87. Rde5+
Kd3 88. Rd5+ Ke4 89. Rde5+ Kd3 90. Rd5+ Ke4 91. Rde5+ Kd3 92. Rd5+ Ke4 93.
Rde5+ Kd3 94. Rh5 94... Rb1# {kasparov4 checkmated} 0-1

[Event "ICS rated blitz match"]
[Site "204.178.125.65"]
[Date "1999.10.08"]
[Round "?"]
[White "kasparov4"]
[Black "Hossa"]
[Result "0-1"]
[WhiteElo "2182"]
[BlackElo "2402"]
[PlyCount "106"]
[EventDate "1999.??.??"]

1. d4 e6 2. c4 c5 3. d5 exd5 4. cxd5 Ne7 5. e4 Ng6 6. Nf3 Be7 7. e5 d6 8. Bb5+
Bd7 9. exd6 Bxd6 10. Qe2+ Ne7 11. O-O O-O 12. Nc3 Re8 13. Bg5 a6 14. Bxd7 Nxd7
15. Rad1 Qb6 16. Rfe1 c4 17. Ne4 Be5 18. Nxe5 Nxe5 19. d6 N7c6 20. d7 Rf8 21.
Qc2 Nd3 22. Re3 h6 23. Bh4 Qd4 24. Bg3 Rfd8 25. b3 Rxd7 26. Qxc4 Qxc4 27. bxc4
Rad8 28. Nd6 Nc5 29. Rd5 b6 30. Kf1 Na5 31. Rc3 h5 32. Ke2 Nc6 33. Kf3 f6 34.
Re3 h4 35. Bf4 Na5 36. Rh5 Rxd6 37. Bxd6 Rxd6 38. Rxh4 Nc6 39. Ke2 Nd4+ 40. Kf1
Nc2 41. Re8+ Kf7 42. Rc8 Re6 43. g3 f5 44. Rhh8 Re1+ 45. Kg2 Nb4 46. Rhf8+ Kg6
47. Rfe8 Rxe8 48. Rxe8 Nxa2 49. Rb8 Na4 50. Ra8 Nb4 51. Ra7 Nc5 52. h4 Nc6 53.
Rb7 53... Nxb7 {kasparov4 resigns} 0-1

[Event "ICS rated blitz match"]
[Site "204.178.125.65"]
[Date "1999.10.03"]
[Round "?"]
[White "kasparov4"]
[Black "Hossa"]
[Result "0-1"]
[WhiteElo "2143"]
[BlackElo "2420"]
[PlyCount "78"]
[EventDate "1999.??.??"]

1. d4 d5 2. Nf3 Nf6 3. Bf4 Nh5 4. Bg3 Nxg3 5. hxg3 c5 6. e3 cxd4 7. exd4 Qb6 8.
b3 Bg4 9. c3 Nd7 10. Be2 e6 11. Qd2 Be7 12. O-O O-O 13. Nh2 Bf5 14. g4 Be4 15.
f3 Bxb1 16. Raxb1 Bh4 17. f4 Nf6 18. Bf3 Bg3 19. g5 Qd6 20. gxf6 Bxf4 21. Qe2
Bxh2+ 22. Kh1 gxf6 23. Bh5 f5 24. Qf3 Qg3 25. Qxg3+ Bxg3 26. Rf3 f4 27. c4 Rfd8
28. c5 f6 29. Bg4 e5 30. dxe5 fxe5 31. Be6+ Kg7 32. Rd1 d4 33. Bc4 e4 34. Rff1
Rac8 35. b4 Kf6 36. a3 d3 37. a4 Rd4 38. Bb5 a6 39. Bd7 39... Rxd7 {
kasparov4 resigns} 0-1

[Event "ICS rated blitz match"]
[Site "204.178.125.65"]
[Date "1999.10.04"]
[Round "?"]
[White "kasparov4"]
[Black "Hossa"]
[Result "0-1"]
[WhiteElo "2149"]
[BlackElo "2409"]
[PlyCount "140"]
[EventDate "1999.??.??"]

1. e4 c5 2. Nf3 e6 3. d4 cxd4 4. Nxd4 a6 5. Nc3 Qc7 6. Be2 Bb4 7. Bd2 Nf6 8.
Nb3 O-O 9. Bf3 d5 10. exd5 Qe5+ 11. Qe2 Qxe2+ 12. Nxe2 Bxd2+ 13. Kxd2 exd5 14.
Rhe1 Nc6 15. Nf4 Rd8 16. Re2 Bf5 17. Rae1 Rac8 18. Nd3 a5 19. Ndc5 b6 20. Na4
b5 21. Nc3 d4 22. Ne4 Nb4 23. Nxf6+ gxf6 24. Nc1 Rxc2+ 25. Kd1 Rdc8 26. Rxc2
Bxc2+ 27. Kd2 Bb1 28. a3 Rc2+ 29. Kd1 Rxc1+ 30. Kxc1 Nd3+ 31. Kxb1 Nxe1 32. Be4
f5 33. Bc6 b4 34. f4 bxa3 35. bxa3 Nd3 36. g3 Nc5 37. Kc2 Kg7 38. a4 Kf6 39.
Kd2 Ke6 40. Ke2 Kd6 41. Be8 f6 42. Kf3 Kc7 43. Ke2 h6 44. Kf3 Kd6 45. Bb5 Ne4
46. Ke2 Nc5 47. Kf3 Kd5 48. Ke2 Ke6 49. Bc6 Kd6 50. Be8 Kd5 51. Bb5 Ne4 52. Kd3
Nf2+ 53. Ke2 Ng4 54. h3 Ne3 55. Bd3 Kc5 56. Kd2 Nc4+ 57. Kc2 Nd6 58. Kb3 Ne4
59. g4 Kd5 60. Bc4+ Kd6 61. Bb5 fxg4 62. hxg4 Kc5 63. Bd3 Nd2+ 64. Kc2 Nc4 65.
Be2 Ne3+ 66. Kb3 Ng2 67. f5 Ne3 68. Ka3 Kd5 69. Kb3 Ke4 70. Ka3 70... d3 {
kasparov4 resigns} 0-1

[Event "ICS rated blitz match"]
[Site "204.178.125.65"]
[Date "1999.10.04"]
[Round "?"]
[White "kasparov4"]
[Black "Hossa"]
[Result "1-0"]
[WhiteElo "2169"]
[BlackElo "2399"]
[PlyCount "145"]
[EventDate "1999.??.??"]

1. d4 d5 2. c4 e6 3. cxd5 exd5 4. Nc3 Bb4 5. e3 Ne7 6. Qb3 Nbc6 7. Nf3 O-O 8.
Be2 Bg4 9. Bd2 a5 10. h3 a4 11. Nxa4 Bxd2+ 12. Kxd2 Na5 13. Qb4 Nec6 14. Qb5
Bd7 15. Nc5 Nb8 16. Nxd7 c6 17. Qb6 Qxd7 18. Rac1 Qd6 19. Qc5 Qg6 20. Rhg1 Nd7
21. Qc2 Qd6 22. Bd3 Kh8 23. Kd1 Nb6 24. Nd2 Nc8 25. Re1 Qh2 26. Bf1 Nb6 27. a3
Kg8 28. Nf3 Qd6 29. Bd3 Qh6 30. b3 f5 31. Bxf5 Rf6 32. e4 dxe4 33. Bxe4 Kh8 34.
Re2 Rf4 35. Nd2 Qh5 36. f3 Rd8 37. b4 Rxd4 38. Bxh7 Rd8 39. Bg6 Qb5 40. bxa5
Nc4 41. Ke1 Qxa5 42. Qc3 Qg5 43. Nxc4 Rxf3 44. Qxf3 Qxc1+ 45. Kf2 Qxc4 46. Qh5+
Kg8 47. Qh7+ Kf8 48. Re3 Qa2+ 49. Kg1 Ra8 50. Rf3+ Ke7 51. Qxg7+ Kd6 52. Rd3+
Qd5 53. Qxb7 Qxd3 54. Bxd3 Ra4 55. Bb5 Re4 56. Qxc6+ Ke5 57. Kf2 Rf4+ 58. Ke3
Rf6 59. Qc5+ Ke6 60. Be8 Rf5 61. Qc6+ Ke7 62. Qd7+ Kf8 63. Qxf5+ Kxe8 64. h4
Ke7 65. h5 Kd6 66. h6 Ke7 67. h7 Kd6 68. h8=Q Kc6 69. Qe8+ Kb6 70. Qd5 Ka7 71.
Qc8 Kb6 72. Qdc6+ Ka5 73. Q8a8# {Hossa checkmated} 1-0

[Event "ICS rated blitz match"]
[Site "204.178.125.65"]
[Date "1999.09.01"]
[Round "?"]
[White "ketchbee"]
[Black "Hossa"]
[Result "0-1"]
[WhiteElo "2182"]
[BlackElo "2501"]
[PlyCount "104"]
[EventDate "1999.??.??"]

1. d4 f5 2. c4 Nc6 3. g3 e5 4. d5 Bb4+ 5. Nd2 Nce7 6. a3 Bxd2+ 7. Bxd2 d6 8.
Bc3 Nf6 9. Bg2 O-O 10. e3 Rb8 11. Ne2 b5 12. cxb5 Rxb5 13. a4 Rb8 14. O-O Bb7
15. f4 Nfxd5 16. Qd2 Nxc3 17. Nxc3 Bxg2 18. Kxg2 e4 19. Rfb1 Rb3 20. Nd5 Rd3
21. Nxe7+ Qxe7 22. Qe2 d5 23. b4 Rd8 24. b5 d4 25. exd4 R8xd4 26. Rb2 Qd6 27.
Raa2 Rd1 28. Rc2 g6 29. Rab2 Qd7 30. a5 Qd6 31. a6 R4d3 32. Rc6 R3d2 33. Rxd6
Rxe2+ 34. Rxe2 Rxd6 35. Rc2 Rd7 36. Kf2 Kf7 37. Rc6 Ke7 38. Ke3 Rd3+ 39. Ke2
Kd7 40. Rf6 Rb3 41. Rf7+ Kd6 42. Rf8 Rxb5 43. Ra8 Kc6 44. Rxa7 Rb2+ 45. Ke3
Rxh2 46. Ra8 Rg2 47. Rh8 Rxg3+ 48. Ke2 Ra3 49. Rxh7 Rxa6 50. Rg7 Kb7 51. Ke3
Rd6 52. Rf7 52... Kb6 {ketchbee resigns} 0-1

[Event "ICS rated blitz match"]
[Site "204.178.125.65"]
[Date "1999.09.01"]
[Round "?"]
[White "ketchbee"]
[Black "Hossa"]
[Result "0-1"]
[WhiteElo "2174"]
[BlackElo "2509"]
[PlyCount "47"]
[EventDate "1999.??.??"]

1. d4 f5 2. c4 Nc6 3. g3 e5 4. d5 Bb4+ 5. Nd2 Nce7 6. a3 Bxd2+ 7. Qxd2 d6 8. b4
Nf6 9. Bg2 O-O 10. Bb2 b5 11. cxb5 Bb7 12. f4 Ne4 13. Bxe4 fxe4 14. fxe5 Bxd5
15. e3 Bc4 16. O-O-O d5 17. e6 Qc8 18. Qd4 Rf6 19. Nh3 Qxe6 20. Nf4 Qf7 21. g4
Rb6 22. Nh5 Rg6 23. Rdf1 Bxf1 24. Rxf1 {ketchbee resigns} 0-1

[Event "ICS rated blitz match"]
[Site "204.178.125.65"]
[Date "1999.09.24"]
[Round "?"]
[White "kidza"]
[Black "Hossa"]
[Result "0-1"]
[WhiteElo "2078"]
[BlackElo "2440"]
[PlyCount "66"]
[EventDate "1999.??.??"]

1. e4 e5 2. Nf3 Nf6 3. Nc3 Bb4 4. Nxe5 d6 5. Nc4 Bxc3 6. dxc3 Nxe4 7. Bd3 d5 8.
Bxe4 dxe4 9. Qxd8+ Kxd8 10. O-O Be6 11. Ne3 Ke7 12. c4 Rd8 13. Re1 Kf8 14. b3
f5 15. Ba3+ Kf7 16. Rad1 Nc6 17. Nd5 Rd7 18. f3 exf3 19. Rxe6 Kxe6 20. Nf4+ Ke5
21. Rxd7 Kxf4 22. gxf3 Kxf3 23. Rf7 f4 24. Bc1 g5 25. h4 Rd8 26. Bb2 Rd1+ 27.
Kh2 g4 28. Rxf4+ Kxf4 29. Kg2 Rd2+ 30. Kg1 Kf3 31. Bc3 Rd1+ 32. Kh2 g3+ 33. Kh3
33... Rh1# {kidza checkmated} 0-1

[Event "ICS rated blitz match"]
[Site "204.178.125.65"]
[Date "1999.09.24"]
[Round "?"]
[White "kidza"]
[Black "Hossa"]
[Result "0-1"]
[WhiteElo "2071"]
[BlackElo "2447"]
[PlyCount "64"]
[EventDate "1999.??.??"]

1. e4 e5 2. Nf3 Nf6 3. Nc3 Bb4 4. Nxe5 d6 5. Nd3 Bxc3 6. bxc3 Nxe4 7. Be2 O-O
8. O-O Re8 9. Bf3 Ng5 10. Nf4 Nxf3+ 11. Qxf3 Nc6 12. d4 Bf5 13. Nd3 Qd7 14. Bf4
Bg4 15. Qg3 Re2 16. Rac1 Rae8 17. h3 Bf5 18. Bh6 Bg6 19. Be3 Bxd3 20. cxd3 Rxa2
21. Ra1 Rxa1 22. Rxa1 Qf5 23. Rd1 a5 24. Qg5 Qxg5 25. Bxg5 a4 26. Ra1 b5 27.
Be3 Ra8 28. c4 b4 29. d5 Ne5 30. Kf1 Nxd3 31. Ke2 Nb2 32. Rc1 32... a3 {
kidza resigns} 0-1

[Event "ICS rated blitz match"]
[Site "204.178.125.65"]
[Date "1999.09.27"]
[Round "?"]
[White "kjhamster"]
[Black "Hossa"]
[Result "0-1"]
[WhiteElo "2197"]
[BlackElo "2474"]
[PlyCount "46"]
[EventDate "1999.??.??"]

1. d4 Nf6 2. c4 g6 3. Nc3 Bg7 4. e3 O-O 5. Nf3 d6 6. Be2 Nc6 7. O-O e5 8. a3
Bf5 9. b4 exd4 10. exd4 d5 11. Bg5 dxc4 12. d5 Ne7 13. Bxc4 Ne4 14. Nxe4 Bxe4
15. Re1 Bxf3 16. gxf3 Re8 17. Ra2 Qd7 18. Rae2 Nf5 19. Qb3 Rxe2 20. Bxe2 Nd4
21. Qd3 Qxd5 22. Be3 Nxf3+ 23. Bxf3 23... Qxd3 {kjhamster resigns} 0-1